| 000 | 00568nam a2200205 a 4500 | ||
|---|---|---|---|
| 005 | 20240322063624.0 | ||
| 008 | 060627s1993 mx r 000 0 spa d | ||
| 020 | _a9684441657 | ||
| 035 | _aUPN01000145509 | ||
| 049 | _aCG | ||
| 050 | 4 |
_aB52 _bG3.3 1993 |
|
| 100 | 1 | _aGarcía Marcos, M. | |
| 245 | 1 | 0 |
_aHistoria de la filosofía / _cM. García Marcos. |
| 250 | _a3a ed. | ||
| 260 |
_aMéxico : _bPearson Educación, _c1993. |
||
| 300 | _a409 p. | ||
| 650 | 4 |
_aFilosofía _xEstudio y enseñanza _910005 |
|
| 650 | 2 |
_aFilosofía _xHistoria _910004 |
|
| 905 | _aLibro | ||
| 999 |
_c117655 _d117655 |
||